000 00329nam a22001457a 4500
008 221117b ||||| |||| 00| 0 eng d
020 _a9781119320654
041 _aeng
080 _2FIFTEENTH EDITION
_a611
082 _a611TOR
100 _a10
101 _aANA
245 _aANATOMY&PHYSIOLOGY
_cTORTORA G
942 _2udc
_cBK
999 _c58918
_d58918